000 04826naa a2200409 4500
005 20100222115643.0
010 _aHIN-91639
020 _a8172112416
_c450.00
020 _a9788172112417
_c450.00
035 _aHN-63985
037 _bनार्दन बुक सेंटर/ PUB
082 _a305.697
100 _aशबनम बेग
_925698
245 _aमुस्लिम समाज में छुआछूतः
_cशबनम बेग
_bहेला बिरादरी के संदर्भ में /
246 _aMuslim samaj me chuachut;
260 _aनई दिल्ली
_bनार्दन बुक सेंटर
_c2008
270 _a4221/1अंसारी रोड, दरियागंज
_bनई दिल्ली
_e110002
_k011-23264519, 23271626, 23280295
_l011-23252651
_mnbcnd@ndb.vsnl.net.in
300 _axxiv, 104 पृ
_c22 सेमी (सजिल्द)
942 _adpl
_cHN
_2ddc
_mशबन
_h305.697
999 _c34236
_d34236